Focus sur: Boromir - Tolkien - Statistiques

Statistiques générales
  • Ce quiz a été pris 18 fois
    15 depuis la dernière actualisation
  • Le résultat moyen est 5 sur 12
Statistiques - réponses
Informations recherchées Réponses % Correct
Age durant lequel il vécut Premier
93%
Profession et titre Seigneur de la maison de Bëor
93%
Espèce Homme
71%
Couleur des cheveux Noir
57%
Première mention Le Silmarillion
50%
Contrée Dorthonion
29%
Maison (lignée) Peuple de {Bëor}
29%
Filles Andreth
7%
Frère Belegor
7%
Beril
7%
Père Boron
7%
Fils Bregor
7%
Aucun quiz correspondant
Distribution des résultats
% des personnes avec chaque résultat
Percentile par nombre de réponses
Votre historique - résultats
Vous n’avez pas pris ce quiz depuis la dernière actualisation